| 000 | 00000nam 2200000za 4500 |
| 001 | 9.591242 |
| 003 | CaOODSP |
| 005 | 20250722094838 |
| 007 | cr ||||||||||| |
| 008 | 150406|2003||||xxc|||||o f|0| 0 fre d |
| 020 | |a0-662-88653-4 |
| 040 | |aCaOODSP|bfre |
| 043 | |an-cn--- |
| 086 | 1 |aM44-2003/D3F-IN |
| 110 | 2 |aCommission géologique du Canada. |
| 245 | 10|aVulnérabilité à la nappe des aquifères fracturés du sud-ouest du Québec |h[ressource électronique] : |bévaluation par les méthodes DRASTIC et GOD / |cV. Murat, D. Paradis, M.M. Savard, M. Nastev, É. Bourque, A. Hamel, R. Lefebvre, et R. Martel. |
| 260 | |aOttawa : |bRessources naturelles Canada. |cc2003. |
| 300 | |a16 p. : |bcartes en couleur, figures. |
| 490 | 1 |aRecherches en cours 2003|v2003-D3 |
| 546 | |a(Abstract in English.) |
| 590 | |a14-09-Supp|b2014-04-23 |
| 830 | #0|aRecherches en cours (Commission géologique du Canada)|v2003-D3|w(CaOODSP)9.834178 |
| 856 | 40|ahttp://publications.gc.ca|qPDF|s966 Ko|uhttps://publications.gc.ca/collections/collection_2013/rncan-nrcan/M44-2003-D3-fra.pdf|y2003-D3 |